Poorest Countries In Oceania - Statistics

General Stats
  • This quiz has been taken 31 times
  • The average score is 9 of 10
Answer Stats
Income Per Capita Country % Correct
$9,037 Nauru
97%
$4,318 Samoa
97%
$4,096 Tuvalu
97%
$3,254 Vanuatu
97%
$1,641 Kiribati
87%
$3,831 Marshall Islands
87%
$2,270 Solomon Islands
87%
$4,665 Tonga
87%
$3,656 Micronesia
84%
$2,530 Papua New Guinea
84%
No matching quizzes found
Score Distribution
Percent of People with Each Score
Percentile by Number Answered
Your Score History
You have not taken this quiz